<?xml version="1.0" encoding="UTF-8"?>
<collection xmlns="http://www.loc.gov/MARC21/slim">
 <record>
  <leader>01476nam a2200217Ia 4500</leader>
  <controlfield tag="001">TDMU_36421</controlfield>
  <controlfield tag="008">210410s9999    xx            000 0 und d</controlfield>
  <datafield tag="082" ind1=" " ind2=" ">
   <subfield code="a">333.79323</subfield>
  </datafield>
  <datafield tag="090" ind1=" " ind2=" ">
   <subfield code="b">D435</subfield>
  </datafield>
  <datafield tag="100" ind1=" " ind2=" ">
   <subfield code="a">Dournes, Jacques</subfield>
  </datafield>
  <datafield tag="245" ind1=" " ind2="0">
   <subfield code="a">PÃ¶tao, một lý thuyết về quyền lực ở người JÃ¶rai Đông Dương</subfield>
  </datafield>
  <datafield tag="245" ind1=" " ind2="0">
   <subfield code="c">Jacques Dournes; Nguyên Ngọc dịch</subfield>
  </datafield>
  <datafield tag="260" ind1=" " ind2=" ">
   <subfield code="a">H.</subfield>
  </datafield>
  <datafield tag="260" ind1=" " ind2=" ">
   <subfield code="b">Tri thức</subfield>
  </datafield>
  <datafield tag="260" ind1=" " ind2=" ">
   <subfield code="c">2018</subfield>
  </datafield>
  <datafield tag="300" ind1=" " ind2=" ">
   <subfield code="a">650tr.</subfield>
  </datafield>
  <datafield tag="520" ind1=" " ind2=" ">
   <subfield code="a">Tên sách tiếng Pháp: PÃ¶tao, une théorie du pouvoir chez les Indochinois JÃ¶rai; Nghiên cứu về vấn đề chính trị của người Giarai và PÃ¶tao của người Giarai cũng như sự vận hành của quyền lực giữa những tộc người khác nhau ở khu vực Tây Nguyên nói chung trong tất cả chiều sâu lịch sử-văn hóa của nó, và từ đó hành động đúng trên vùng đất và người này, ở bất cứ lĩnh vực nào, trong bất cứ thời gian và hoàn cảnh nào</subfield>
  </datafield>
  <datafield tag="650" ind1=" " ind2=" ">
   <subfield code="a">Dân tộc Gia Rai (Việt Nam)</subfield>
   <subfield code="x">Văn hóa; Tây Nguyên</subfield>
   <subfield code="z">Dân tộc Gia Rai</subfield>
   <subfield code="x">Đời sống xã hội và phong tục tập quán</subfield>
  </datafield>
  <datafield tag="700" ind1=" " ind2=" ">
   <subfield code="a">Nguyên Ngọc</subfield>
  </datafield>
  <datafield tag="856" ind1=" " ind2=" ">
   <subfield code="u">http://lrc.tdmu.edu.vn/opac/search/detail.asp?aID=2&amp;ID=36421</subfield>
  </datafield>
  <datafield tag="980" ind1=" " ind2=" ">
   <subfield code="a">Trung tâm Học liệu Trường Đại học Thủ Dầu Một</subfield>
  </datafield>
 </record>
</collection>
